[Event "Zhukovsky op-A"]
[Site "Zhukovsky"]
[Date "2009.01.??"]
[Round "4"]
[White "Pyhtynov, Oleg"]
[Black "Konovalov, Valerij"]
[Result "0-1"]
[WhiteElo "2047"]
[BlackElo "2304"]
[PlyCount "156"]
[EventDate "2009.01.??"]
[EventType "swiss"]
[EventRounds "7"]
[EventCountry "RUS"]
[SourceTitle "EXT 2012"]
[Source "ChessBase"]
[SourceDate "2011.11.24"]
[SourceVersion "1"]
[SourceVersionDate "2011.11.24"]
[SourceQuality "1"]

1. Nf3 d5 2. c4 e6 3. b3 Nf6 4. Bb2 Be7 5. e3 0-0 6. Be2 b6 7. d4 Bb7 8. 0-0 Nbd7 9. Nbd2 a5 10. a3 c5 11. Rc1 Qb8 12. Qc2 Rc8 13. Qb1 a4 14. dxc5 bxc5 15. bxa4 Rxa4 16. Ng5 h6 17. Ngf3 Bc6 18. Qa1 Ne8 19. Rb1 Qa8 20. Rbc1 Bf6 21. cxd5 exd5 22. Nb1 Bxb2 23. Qxb2 Rb8 24. Qd2 Nef6 25. Ne1 Ne4 26. Qc2 Ra5 27. f3 Nd6 28. Qd2 Ne5 29. Nc2 Nec4 30. Bxc4 Nxc4 31. Qc3 Ra4 32. Rfe1 Qa5 33. Qxa5 Nxa5 34. Nd2 Rb2 35. Red1 Bd7 36. Ne1 c4 37. Nb1 Bf5 38. Nc3 Rxa3 39. Nxd5 Bd3 40. Nxd3 cxd3 41. Nf4 Raa2 42. Ra1 Rxa1 43. Rxa1 d2 44. Rd1 Nc4 45. Kf2 Rb3 46. g3 Rxe3 47. Rxd2 Rxf3+ 48. Kxf3 Nxd2+ 49. Ke2 Ne4 50. Ke3 Nf6 51. Kf3 Kf8 52. Ne2 Ke7 53. Nd4 Kd7 54. h3 Kd6 55. Ne2 Ke5 56. Nc1 Nd5 57. Nb3 Ne7 58. Nc1 Nc6 59. Nd3+ Kd4 60. Nf2 Ne5+ 61. Ke2 f5 62. Nd1 Nc4 63. Nf2 Nd6 64. Kf3 Ne4 65. Nd1 Ng5+ 66. Kg2 Nf7 67. Kf2 Ne5 68. Ne3 Ke4 69. Nc2 g5 70. Kg2 Nd3 71. Na3 Ke3 72. Nc4+ Ke2 73. Nd6 f4 74. gxf4 gxf4 75. Nf5 f3+ 76. Kg3 f2 77. Kg4 Ke1 78. Ng3 Nc1 0-1

[Event "Zhukovsky op-A"]
[Site "Zhukovsky"]
[Date "2009.01.??"]
[Round "2"]
[White "Pyhtynov, Oleg"]
[Black "Marchukov, Dmitry"]
[Result "0-1"]
[WhiteElo "2047"]
[BlackElo "2121"]
[PlyCount "53"]
[EventDate "2009.01.??"]
[EventType "swiss"]
[EventRounds "7"]
[EventCountry "RUS"]
[SourceTitle "EXT 2012"]
[Source "ChessBase"]
[SourceDate "2011.11.24"]
[SourceVersion "1"]
[SourceVersionDate "2011.11.24"]
[SourceQuality "1"]

1. Nf3 c5 2. c4 g6 3. Nc3 Bg7 4. g3 Nf6 5. Bg2 0-0 6. 0-0 d6 7. d4 Nbd7 8. Bd2 cxd4 9. Nxd4 Qb6 10. Nb3 Ne5 11. Be3 Qd8 12. c5 Nc4 13. Qc1 Ng4 14. Bf4 Nge5 15. Rd1 Rb8 16. cxd6 exd6 17. Ne4 Nxb2 18. Rxd6 Qe7 19. Rd2 Nbc4 20. Rc2 b5 21. Nbd2 Bf5 22. Rb1 Nxd2 23. Qxd2 Rbd8 24. Qe3 Nc4 25. Qf3 Rfe8 26. Rxb5 Rd1+ 27. Bf1 0-1

[Event "Zhukovsky op-A"]
[Site "Zhukovsky"]
[Date "2009.01.??"]
[Round "6"]
[White "Rigovich, Albert"]
[Black "Pyhtynov, Oleg"]
[Result "1/2-1/2"]
[WhiteElo "2029"]
[BlackElo "2047"]
[PlyCount "126"]
[EventDate "2009.01.??"]
[EventType "swiss"]
[EventRounds "7"]
[EventCountry "RUS"]
[SourceTitle "EXT 2012"]
[Source "ChessBase"]
[SourceDate "2011.11.24"]
[SourceVersion "1"]
[SourceVersionDate "2011.11.24"]
[SourceQuality "1"]

1. e4 c5 2. Nf3 d6 3. d4 cxd4 4. Nxd4 Nf6 5. Nc3 a6 6. Bc4 b5 7. Bb3 e6 8. 0-0 Bb7 9. Re1 b4 10. Na4 Bxe4 11. Bxe6 fxe6 12. Nxe6 Qa5 13. c4 Ra7 14. Be3 Re7 15. Qxd6 Qxa4 16. Qxb8+ Kf7 17. Ng5+ Kg8 18. Rad1 Re8 19. Qc7 Re7 20. Qc8 Re8 21. Qc7 Re7 22. Qc8 Bg6 23. b3 Re8 24. Rd8 Qd7 25. Qxd7 Nxd7 26. Rxd7 h6 27. Nf3 Kh7 28. Ra7 Re6 29. Rd1 Bh5 30. Rdd7 Rg8 31. Nd4 Rf6 32. Rd5 Bg6 33. Ra5 Bd6 34. R7xa6 Rd8 35. Nc6 Rc8 36. Nd4 Rd8 37. Ra7 Bb8 38. Rb7 Rff8 39. f3 Rfe8 40. Bf2 Be5 41. Rd5 Rxd5 42. cxd5 Rd8 43. Rxb4 Rxd5 44. g3 Bf6 45. a4 Bd3 46. Nb5 Be2 47. Kg2 Rd1 48. Be3 Rd3 49. Kf2 Bd1 50. Nd4 Bxd4 51. Bxd4 Rxf3+ 52. Ke1 Rxb3 53. Rxb3 Bxb3 54. a5 Bc4 55. Kd2 g5 56. Kc3 Bf1 57. Kb4 Kg6 58. h4 gxh4 59. gxh4 Kf7 60. Kc5 Ke7 61. Kb6 Kd7 62. a6 Bg2 63. h5 Ke6 1/2-1/2

[Event "Zhukovsky op-A"]
[Site "Zhukovsky"]
[Date "2008.11.28"]
[Round "9"]
[White "Pyhtynov, Oleg"]
[Black "Zhukovsky, Viacheslav"]
[Result "0-1"]
[WhiteElo "2006"]
[BlackElo "2072"]
[PlyCount "110"]
[EventDate "2008.11.28"]
[EventType "swiss"]
[EventRounds "9"]
[EventCountry "RUS"]
[SourceTitle "EXT 2022"]
[Source "ChessBase"]
[SourceDate "2021.10.06"]
[SourceVersion "1"]
[SourceVersionDate "2021.10.06"]
[SourceQuality "1"]

1. Nf3 Nf6 2. c4 g6 3. b3 Bg7 4. Bb2 0-0 5. g3 d6 6. d4 Bg4 7. Bg2 Qc8 8. 0-0 Bh3 9. Nbd2 Bxg2 10. Kxg2 Nbd7 11. Qc2 Nh5 12. e4 e5 13. dxe5 dxe5 14. c5 Re8 15. c6 Nf8 16. cxb7 Qxb7 17. Kg1 f6 18. Nc4 a5 19. Nfd2 a4 20. Rfc1 axb3 21. Nxb3 Ne6 22. h4 Bh6 23. Rd1 Red8 24. Nca5 Qb6 25. Nc6 Rd6 26. Rxd6 cxd6 27. Ne7+ Kf7 28. Nd5 Qb7 29. Bc1 Rc8 30. Qb2 Bxc1 31. Rxc1 Rxc1+ 32. Qxc1 Qa7 33. Kg2 f5 34. exf5 gxf5 35. Qh6 Nhg7 36. Qf6+ Ke8 37. Na5 Qd7 38. Nc4 f4 39. a4 fxg3 40. fxg3 Nh5 41. Qh8+ Nf8 42. Qg8 Qc6 43. Nce3 Nf6 44. Qg5 Nxd5 45. Qh5+ Kd8 46. Nxd5 Qxd5+ 47. Kh3 Qe6+ 48. Kg2 Qa2+ 49. Kh3 Qxa4 50. Qg5+ Kc7 51. Qh6 Qd7+ 52. Kh2 Ne6 53. Qc1+ Nc5 54. h5 Qf5 55. h6 e4 0-1